000 004400000a22001810004500
003 MACL
005 20150818164738.0
008 150818b xxu||||| |||| 00| 0 eng d
040 _aMACL
_cMACL
041 _aEnglish
082 _a580/SHA
100 _aSharma. B.B.
_96175
245 _aGrowing Fruits And Vegetables
260 _aNew Delhi
_bPublication Division
_c2005
350 _a240
650 _aBotany
_96050
942 _cBK
_k580
_2ddc
999 _c2257
_d2257